Pravidlá medzinárodného práva diplomová práca

Salvato in:
Dettagli Bibliografici
Autore principale: Blahová, Slávka
Ente Autore: Fakulta medzinárodných vzťahov EU. Katedra medzinárodného práva
Altri autori: Mráz, Stanislav
Natura: Libro
Lingua:slovacco
Pubblicazione: Bratislava 2020
Tags: Aggiungi Tag
Nessun Tag, puoi essere il primo ad aggiungerne!!

MARC

LEADER 00000nbm a2200000 4500
001 0275291
005 20220314085714.7
041 0 |a slo 
044 |a SK 
245 1 0 |a Pravidlá medzinárodného práva  |b diplomová práca  |c Slávka Blahová ; školiteľ: Stanislav Mráz 
264 1 |a Bratislava  |c 2020 
300 |a 67 s. 
100 1 |a Blahová, Slávka 
700 1 |a Mráz, Stanislav 
710 2 |a Fakulta medzinárodných vzťahov EU. Katedra medzinárodného práva